Nuestros dinosaurios ornitisquios /
Guardado en:
| Autor Principal: | |
|---|---|
| Otros Autores: | |
| Formato: | Libro |
| Publicado: |
Buenos Aires :
Lumen,
1998
|
| Series: | Nuestros dinosaurios
|
| Materias: | |
| Etiquetas: |
Agregar Etiqueta
Sin Etiquetas, Sea el primero en etiquetar este registro!
|
| LEADER | 01092nam a22002295a 4500 | ||
|---|---|---|---|
| 001 | CEM.cems010398 | ||
| 005 | 20080519094041.0 | ||
| 008 | 130507s1998##################000#0#####d | ||
| 003 | CEMS | ||
| 020 | |a 9507247556 | ||
| 082 | 0 | 4 | |a 568.1 |
| 100 | 1 | |a Apesteguía, Sebastián | |
| 245 | 1 | 0 | |a Nuestros dinosaurios ornitisquios / |c Sebastián Apesteguía. Jorge González ; diagramado Por Lorenzo Ficarelli |
| 260 | |a Buenos Aires : |b Lumen, |c 1998 | ||
| 300 | |a 32 p. | ||
| 490 | 0 | |a Nuestros dinosaurios | |
| 505 | 0 | |a Un poco de historia -- Clasificación y relaciones -- Pero ... Qué es un dinosaurio -- Ornithischia -- Pisanosaurus mertii -- El estegosaurio neuquino -- Limayichnus, Sousaichnium y Bonaparteichnium -- Gasparinisaura cincosaltensis -- Notoceratops bonarellii --Kritosaurus australis -- Secernosaurus koerneri -- Loncosaurus argentinus -- El ankylosaurio antártico -- El lambeosaurino argentino | |
| 653 | |a Argentina dinosaurios | ||
| 653 | |a Dinosaurios | ||
| 653 | |a Palenontología | ||
| 700 | 1 | |a González, Jorge | |
| 859 | |a CEMS |b BIB. CEMS - 11 de abril |h 568.1 |i Ap26 |p 20981.00 |t Ej.1 | ||
